Ethics and human well-being : (Record no. 4669)
[ view plain ]
| 000 -LEADER | |
|---|---|
| fixed length control field | 00586nam a2200205Ia 4500 |
| 005 - DATE & TIME | |
| control field | 20231013113741.0 |
| 008 - FIXED-LENGTH DATA ELEMENTS--GENERAL INFORMATION | |
| fixed length control field | 230215b |||||||| |||| 00| 0 eng d |
| 020 ## - ISBN | |
| International Standard Book Number | 0631203389 |
| 040 ## - CATALOGING SOURCE | |
| Original cataloging agency | MCHV Library |
| 041 ## - Language | |
| Language | English |
| 082 ## - DDC NUMBER | |
| Classification number | 170 |
| Book Number | BON |
| 100 ## - MAIN ENTRY--PERSONAL NAME | |
| Personal name | Bond, E. J. |
| 245 ## - TITLE STATEMENT | |
| Title | Ethics and human well-being : |
| Sub Title | an introduction to moral philosophy / |
| Statement of responsibility | E. J. Bond |
| 260 ## - PUBLICATION, DISTRIBUTION, ETC. (IMPRINT) | |
| Place of publication, distribution, etc | Oxford : |
| Name of publisher, distributor, etc | Blackwell, |
| Date of publication, distribution, etc | 1996. |
| 300 ## - PHYSICAL DESCRIPTION | |
| Pages | x, 270p. ; |
| Dimension | 23cm. |
| 490 ## - SERIES STATEMENT | |
| SERIES STATEMENT | Introducing philosophy |
| 500 ## - GENERAL NOTE | |
| General note | Includes bibliographical references and index. |
| 650 ## - Subject | |
| Subject | Ethics |
| 942 ## - ADDED ENTRY ELEMENTS (KOHA) | |
| Koha item type | Books |
| Location (home branch) | Koha item type | Koha date last seen | Accession No. | Koha full call number | Koha issues (times borrowed) | Date acquired | Sublocation or collection (holding branch) | Withdrawn status | Not for loan | Damaged status | Source of classification or shelving scheme | Lost status |
|---|---|---|---|---|---|---|---|---|---|---|---|---|
| MCHV Library | Books | 03/06/2023 | HV1640 | 170 BON | 03/06/2023 | MCHV Library | Dewey Decimal Classification |
